[Event "CZE-chT2D 0910"]
[Site "Czech Republic"]
[Date "2009.12.06"]
[Round "4.7"]
[White "Valek, Milos"]
[Black "Komarek, David"]
[Result "0-1"]
[WhiteElo "1736"]
[BlackElo "2152"]
[PlyCount "56"]
[EventDate "2009.10.18"]
[EventType "team-tourn"]
[EventRounds "11"]
[EventCountry "CZE"]
[SourceTitle "EXT 2012"]
[Source "ChessBase"]
[SourceDate "2011.11.24"]
[SourceVersion "1"]
[SourceVersionDate "2011.11.24"]
[SourceQuality "1"]
[WhiteTeam "Pelhrimov"]
[BlackTeam "Polabiny II"]
[WhiteTeamCountry "CZE"]
[BlackTeamCountry "CZE"]

1. e4 e6 2. d4 d5 3. exd5 exd5 4. Nf3 Nc6 5. Be2 Bd6 6. Nc3 Nge7 7. 0-0 Bf5 8. a3 Qd7 9. Nb5 0-0 10. Nxd6 Qxd6 11. Be3 Ng6 12. Qd2 Rae8 13. Rfe1 Bc8 14. c4 Nce7 15. c5 Qd8 16. Bf4 Nxf4 17. Qxf4 Ng6 18. Qg3 Re4 19. h3 f5 20. Rad1 Rfe8 21. Bd3 f4 22. Qh2 Rxe1+ 23. Nxe1 Qf6 24. Nc2 Bf5 25. Kf1 Bxd3+ 26. Rxd3 Qa6 27. Nb4 Qc4 28. g4 f3 0-1